000 008460000a22002410004500
003 LK-CoMWRAF
005 20240113003855.0
008 230817t2004 ||||| |||| 00| 0 eng d
020 _a9559785966
040 _aLK-CoMWRAF
_dLK-CoMWRAF
_eLK-CoMWRAF
041 _atam
082 _a894.8113
_bDIS
100 _aதிசாநாயக்க, ஜே. பி
_vDissanayake, J.B.
245 _aபண்ணையார் எப்படி சுவர்க்கம் பொனார்
246 _aPannaiyaar Eppadi Suvarkkam Ponar
260 _aNugegoda:
_bSamitha,
_c2004
300 _a24 unnumbered p.
650 _aTAMIL FICTION
650 _aChildren's' books
700 _aகருணாதிலக, மஞ்சுள
_eills.
700 _aஅருணாசலம், சரோஜினி தேவி
_etrans.
942 _cBK
999 _c870
_d870